| 000 | 00677 a2200193 4500 | ||
|---|---|---|---|
| 999 |
_c26303 _d26303 |
||
| 010 | _aB-285050 , B-215335 | ||
| 020 |
_a812910217X _c295.00 |
||
| 020 |
_a9788129102171 _c295.00 |
||
| 035 | _aB-285050, B-215336, B-215315, B-215335, B-215331 | ||
| 037 | _bUBH | ||
| 082 | _aN | ||
| 100 | _aBaranay, Inez | ||
| 245 |
_aNeem dreams / _cby Inez Baranay |
||
| 260 |
_aNew Delhi _bRupa _c2003 |
||
| 270 |
_a7/16, Ansari Road, Darya Ganj _bNew Delhi _e110002 |
||
| 300 |
_a 278p. _c20cm. (pbk) |
||
| 942 |
_adpl _cEN _2ddc _hN _mBAR |
||